00958cam a2200217 a 450000100100000000500170001000800410002702000120006803500190008004000300009908200180012910000320014724500690017926000520024830000210030049000440032150502770036565000250064265000270066783000460069400001746420200929165124.0800527s1977 ec 000 e spa d cS/12.00 a(DLC) 80107714 aDO-SdBNPcDLCdDLCdBNPHU aE864.4bA553p1 aAndrade, Raúl,d1905-198113aEl perfil de la quimera :bensayos literarios /cRaúl Andrade. aQuito :bCasa de la Cultura Ecuatoriana,c1977. a305 p. ;c15 cm.1 aBásica de escritores ecuatorianosv180 aGarcía Lorca: Alegoría de España yacente -- Retablo de una generación decapitada -- Charlot, parábola y hazaña de la desventura -- Teoría del destierro -- El perfil de la quimera -- Viaje alrededor de la muerte -- Rosalía de Castro, sirena de la nostalgia. 4aEnsayos ecuatorianos 4aLiteratura ecuatoriana 0aBásica de escritores ecuatorianos ;v18